[Event "DEN-ch Railway"]
[Site "Krusa"]
[Date "2001.02.23"]
[Round "5"]
[White "Andersen, Willy B"]
[Black "Thomsen, Karl Aage"]
[Result "0-1"]
[WhiteElo "1769"]
[BlackElo "1825"]
[PlyCount "54"]
[EventDate "2001.02.19"]
[EventType "tourn"]
[EventRounds "7"]
[EventCountry "DEN"]
[SourceTitle "EXT 2018"]
[Source "ChessBase"]
[SourceDate "2017.10.13"]
[SourceVersion "1"]
[SourceVersionDate "2017.10.13"]
[SourceQuality "1"]

1. d4 c6 2. c4 d6 3. Nc3 Qc7 4. Nf3 e5 5. e4 Bg4 6. Be2 Nf6 7. 0-0 Nbd7 8. h3 Bh5 9. Nh2 Bxe2 10. Nxe2 Nxe4 11. Re1 Nef6 12. dxe5 dxe5 13. Nd4 0-0-0 14. Nc2 Nc5 15. Qe2 Bd6 16. Nf1 Ne6 17. b3 Nd4 18. Nxd4 exd4 19. Bb2 Rhe8 20. Qd3 Qd7 21. Rad1 c5 22. Ng3 g6 23. Ne4 Rxe4 24. Rxe4 Nxe4 25. Qxe4 Re8 26. Qg4 Qxg4 27. hxg4 Re2 0-1

[Event "DEN-ch Railway"]
[Site "Krusa"]
[Date "2001.02.21"]
[Round "3"]
[White "Andersen, Willy B"]
[Black "Hansen, Svend L"]
[Result "0-1"]
[WhiteElo "1769"]
[BlackElo "1894"]
[PlyCount "72"]
[EventDate "2001.02.19"]
[EventType "tourn"]
[EventRounds "7"]
[EventCountry "DEN"]
[SourceTitle "EXT 2018"]
[Source "ChessBase"]
[SourceDate "2017.10.13"]
[SourceVersion "1"]
[SourceVersionDate "2017.10.13"]
[SourceQuality "1"]

1. d4 d5 2. c4 e6 3. Nf3 Nf6 4. Bg5 c6 5. Nc3 Nbd7 6. a3 Be7 7. e3 0-0 8. Rc1 h6 9. Bf4 Nh5 10. Bg3 Nxg3 11. fxg3 Bg5 12. Qd2 Qe7 13. Be2 b6 14. Nxg5 Qxg5 15. 0-0 Bb7 16. cxd5 exd5 17. Rce1 Rae8 18. Bf3 Re7 19. Qf2 Rfe8 20. h4 Qg6 21. Nd1 Nf6 22. Kh2 Bc8 23. Qd2 Ba6 24. Rg1 Bd3 25. Nf2 Ba6 26. Bd1 Bc8 27. Rgf1 Ba6 28. Rg1 Qf5 29. g4 Qd7 30. Kh3 h5 31. Kg3 Qd6+ 32. Kh3 Bc8 33. Qd3 Bxg4+ 34. Nxg4 Ne4 35. g3 hxg4+ 36. Kg2 Qxg3+ 0-1